[Event "Titled Tue 3rd Jan Late"]
[Site "chess.com INT"]
[Date "2025.06.03"]
[Round "7"]
[White "Ivashentseva, Dominika"]
[Black "Deichmann, Esteban Horacio"]
[Result "0-1"]
[WhiteTitle "WCM"]
[WhiteElo "1921"]
[BlackElo "2085"]
[WhiteFideId "34331050"]
[BlackFideId "167410"]
[EventDate "2025.06.03"]

1. d4 c5 2. d5 g6 3. c4 Bg7 4. Nf3 d6 5. g3 e5 6. dxe6 Bxe6 7. Qc2 Nc6 8. Bg2
Nf6 9. O-O O-O 10. a3 Re8 11. Bg5 Qc7 12. Nc3 a6 13. Bxf6 Bxf6 14. Nd5 Bxd5 15.
cxd5 Ne5 16. Nxe5 Rxe5 17. e4 Rae8 18. f4 R5e7 19. Rfe1 Bd4+ 20. Kh1 Qb6 21. Re2
f5 22. Rae1 fxe4 23. Bxe4 Kg7 24. b3 Qa5 25. a4 Bc3 26. Rc1 Bf6 27. Rce1 Qb4 28.
Qc4 Qa5 29. Kg2 b5 30. axb5 axb5 31. Qc2 Qb4 32. Kf3 c4 33. bxc4 bxc4 34. Rc1 c3
35. Qd3 Qa3 36. Rcc2 Qa1 37. Kf2 Qa5 38. g4 Qb4 39. Kf3 g5 40. h4 gxf4 41. g5
Bd4 42. h5 Kh8 43. g6 Re5 44. h6 hxg6 45. Bxg6 Re3+ 46. Rxe3 Rxe3+ 47. Qxe3 fxe3
48. Ra2 Qb8 49. h7 Qf8+ 50. Ke4 Qe7+ 51. Kxd4 Qf6+ 52. Kc4 Qxg6 53. Ra8+ Kxh7
54. Kxc3 e2 55. Kd2 Qf6 56. Kxe2 Qe5+ 57. Kf2 Qxd5 58. Ra7+ Kg6 59. Ra4 Qc5+ 60.
Kf3 Qc6+ 61. Kg3 Qxa4 62. Kh3 Qf4 63. Kg2 Qe3 64. Kh2 Qf3 65. Kg1 Qe2 66. Kh1
Kf5 67. Kg1 Kf4 68. Kh1 Kf3 69. Kg1 Qg2# 0-1

[Event "Titled Tue 3rd Jan Late"]
[Site "chess.com INT"]
[Date "2025.06.03"]
[Round "7"]
[White "Sieciechowicz, Marcin"]
[Black "Cornelisse, Lorelei"]
[Result "1-0"]
[WhiteTitle "IM"]
[BlackTitle "WFM"]
[WhiteElo "2410"]
[BlackElo "2132"]
[WhiteFideId "1130170"]
[BlackFideId "1087177"]
[EventDate "2025.06.03"]

1. d4 f5 2. Nc3 Nf6 3. Bg5 d5 4. Bxf6 exf6 5. e3 Be6 6. Bd3 Bb4 7. Ne2 Bf7 8. h4
Qd7 9. a3 Bd6 10. Qd2 Nc6 11. O-O-O O-O-O 12. Kb1 Kb8 13. Bb5 a6 14. Bxc6 Qxc6
15. Nf4 g5 16. Nd3 h6 17. Nb4 Bxb4 18. axb4 Qc4 19. Ne2 Bh5 20. Rde1 Bxe2 21.
Rxe2 Rde8 22. Ree1 Re4 23. g3 Re6 24. c3 Rhe8 25. Qe2 Qb3 26. Qc2 Qxc2+ 27. Kxc2
c6 28. hxg5 fxg5 29. Kd2 Kc8 30. Rh5 Kd7 31. Reh1 Rh8 32. Rxg5 hxg5 33. Rxh8 Re7
34. Rh5 g4 35. Rxf5 Rh7 36. Rf4 Rg7 37. Ke2 Kc7 38. e4 dxe4 39. Rxe4 Kb6 40. Re5
Rg6 41. f3 gxf3+ 42. Kxf3 Rf6+ 43. Ke3 Rf1 44. g4 Rb1 45. g5 Rxb2 46. Kf3 Rc2
47. g6 Rxc3+ 48. Kf4 Rc1 49. g7 Rf1+ 50. Kg5 Rg1+ 51. Kf6 Rg4 52. Rg5 Rf4+ 53.
Ke7 Re4+ 54. Kf7 Rf4+ 55. Kg6 Rxd4 56. g8=Q Rd6+ 57. Kf5 Rd4 58. Ke5 Rxb4 59.
Qd8+ Kb5 60. Rg7 Rc4 61. Rxb7+ Ka4 62. Qd1+ Ka5 63. Qa1+ Ra4 64. Qc3+ Rb4 65.
Qxb4# 1-0

[Event "Titled Tue 3rd Jan Late"]
[Site "chess.com INT"]
[Date "2025.06.03"]
[Round "7"]
[White "Shandrygin, Nikita"]
[Black "Jagirapu, Harshin Reddy"]
[Result "1/2-1/2"]
[WhiteTitle "FM"]
[WhiteElo "2209"]
[BlackElo "2042"]
[WhiteFideId "24198668"]
[BlackFideId "39910679"]
[EventDate "2025.06.03"]

1. e4 c5 2. b4 cxb4 3. a3 d5 4. exd5 bxa3 5. Nf3 Nf6 6. c4 b5 7. d3 b4 8. Qa4+
Bd7 9. Qxb4 e6 10. Qb3 exd5 11. cxd5 Qa5+ 12. Bd2 Qxd5 13. Qxd5 Nxd5 14. Nxa3
Nc6 15. Be2 Bc5 16. O-O O-O 17. Rfc1 Bb6 18. Nc4 Nd4 19. Bd1 Ne6 20. Nfe5 Bb5
21. Bf3 Rad8 22. Nxb6 axb6 23. Rab1 Nd4 24. Bd1 Rfe8 25. Nc4 Nf4 26. Rxb5 Nxb5
27. Ba4 Ne2+ 28. Kf1 Nxc1 29. Bxb5 Nxd3 30. Bxe8 Rxe8 31. Nxb6 Rb8 32. Nc4 Rb1+
33. Ke2 Nc5 34. Be3 Na4 35. Nd2 Rh1 36. h3 f6 37. Kd3 Rg1 38. g3 Nb2+ 39. Kc2
Nd1 40. Bd4 Re1 41. Nf3 Rh1 42. h4 Rf1 43. Nd2 Rh1 44. Nf3 Kf7 45. Kd2 Ke6 46.
Ne1 Kd5 47. Nf3 Ke4 48. Ke2 h5 49. Ba1 Nxf2 50. Nd2+ Kf5 51. Bxf6 Rh2 52. Nf1
Rg2 53. Ne3+ Kxf6 54. Nxg2 Ne4 55. Kf3 Nd6 56. Nf4 g6 57. Nd3 Nf5 58. Kf4 Nd4
59. Nf2 Ne6+ 60. Kf3 Kf5 61. g4+ hxg4+ 62. Nxg4 Nd4+ 63. Kg3 Ne2+ 64. Kf3 Ng1+
65. Kg3 Ne2+ 66. Kf3 Nd4+ 67. Kg3 Ne6 68. Nh6+ Kf6 69. Ng4+ Kf5 70. Nh6+ Ke4 71.
Kg4 Nf4 72. Nf7 Ng2 73. Kg5 Kf3 74. Ne5+ Kg3 75. h5 gxh5 76. Kxh5 1/2-1/2

[Event "Titled Tue 3rd Jan Late"]
[Site "chess.com INT"]
[Date "2025.06.03"]
[Round "7"]
[White "Asish Panda"]
[Black "Bogaudinov, Rushan"]
[Result "1-0"]
[BlackTitle "FM"]
[WhiteElo "1911"]
[BlackElo "1912"]
[WhiteFideId "45012458"]
[BlackFideId "4129288"]
[EventDate "2025.06.03"]

1. e4 c5 2. Nf3 e6 3. g3 Nc6 4. Bg2 a6 5. O-O b5 6. c3 Bb7 7. d4 cxd4 8. cxd4
Nf6 9. d5 Nb8 10. Re1 Bb4 11. Bd2 Bxd2 12. Qxd2 O-O 13. Nc3 b4 14. Na4 exd5 15.
exd5 Bxd5 16. Qxb4 Nc6 17. Qd2 Qa5 18. Nc3 Be6 19. Nd4 Rac8 20. Nxc6 dxc6 21.
Rad1 Rfd8 22. Qe3 h6 23. h3 Qb4 24. Qe2 Bd5 25. Nxd5 cxd5 26. Qd2 Qc4 27. b3 Qc5
28. Qd4 Qxd4 29. Rxd4 Rc5 30. Re7 Ra5 31. a4 Rc5 32. b4 Rc1+ 33. Kh2 Rc2 34. Kg1
Rc1+ 35. Bf1 Ra1 36. a5 Rc8 37. Kg2 Rc6 38. Ra7 Ra2 39. Bd3 g6 40. Rf4 Kg7 41.
Rxa6 Rxa6 42. Bxa6 g5 43. Rf5 Rb2 44. Bb7 Rxb4 45. a6 Ra4 46. Rf3 Ra2 47. Rd3
Ra5 48. Rc3 Kf8 49. Rc7 Kg7 50. Bc8 Ne4 51. a7 Ra2 52. Bd7 Rxf2+ 53. Kg1 Ra2 54.
Bc6 Ra1+ 55. Kg2 Ra2+ 56. Kf3 Ra3+ 57. Ke2 Nxg3+ 58. Kd1 d4 59. a8=Q Rxa8 60.
Bxa8 Nh5 61. Bd5 Nf4 62. Bxf7 1-0

[Event "Titled Tue 3rd Jan Late"]
[Site "chess.com INT"]
[Date "2025.06.03"]
[Round "7"]
[White "Ferrara, Enzo"]
[Black "Jasinski, Alexander"]
[Result "1-0"]
[WhiteElo "2138"]
[BlackElo "1964"]
[WhiteFideId "137731"]
[BlackFideId "55627994"]
[EventDate "2025.06.03"]

1. d4 Nf6 2. c4 g6 3. Nc3 Bg7 4. e4 O-O 5. f4 d6 6. Nf3 c5 7. d5 a6 8. a4 e6 9.
Be2 exd5 10. cxd5 Re8 11. e5 Nfd7 12. exd6 Nf6 13. Ne5 Nbd7 14. O-O Nxe5 15.
fxe5 Rxe5 16. Bf4 Re8 17. Bf3 Qb6 18. Qd2 Bg4 19. a5 Qd8 20. Na4 Bxf3 21. gxf3
Nh5 22. Nb6 Nxf4 23. Qxf4 Be5 24. Qd2 Qxd6 25. Nxa8 Rxa8 26. Kh1 Bd4 27. Qg5 Re8
28. Rae1 Rd8 29. b3 Bf6 30. Qd2 Kg7 31. Qd3 h6 32. Rd1 Bd4 33. Qc4 Be5 34. Rf2
Bd4 35. Re2 Qf6 36. Rf1 Qf5 37. Qc2 Qxd5 38. Qe4 Qxb3 39. f4 Qd5 40. f5 Qxe4+
41. Rxe4 Bf6 42. Rc4 Rc8 43. Rb1 gxf5 44. Rxb7 Bd4 45. Rb6 Ra8 46. Kg2 Be3 47.
Kf3 f4 48. Re4 f6 49. Re7+ Kg6 50. Ree6 Bd4 51. Rxa6 Rd8 52. Rad6 Rb8 53. Rb6
Be5 54. Rxb8 Bxb8 55. a6 c4 56. Rb6 Ba7 57. Rb7 Bc5 58. a7 Bxa7 59. Rxa7 Kf5 60.
Rc7 Ke5 61. Rxc4 Kd5 62. Rxf4 1-0

[Event "Titled Tue 3rd Jan Late"]
[Site "chess.com INT"]
[Date "2025.06.03"]
[Round "7"]
[White "Cagliumi, Rodrigo Cesar"]
[Black "Shymanskyi, Oleksandr"]
[Result "1-0"]
[BlackTitle "FM"]
[WhiteElo "2121"]
[BlackElo "2218"]
[WhiteFideId "2109573"]
[BlackFideId "14168880"]
[EventDate "2025.06.03"]

1. e4 c5 2. Nf3 e6 3. Nc3 Nc6 4. g3 g6 5. Bg2 Bg7 6. O-O Nge7 7. d3 O-O 8. Re1
d6 9. Bg5 Rb8 10. Qd2 b5 11. Bh6 b4 12. Nd1 e5 13. Bxg7 Kxg7 14. Ne3 h6 15. Rf1
Be6 16. Nh4 a5 17. f4 exf4 18. gxf4 f5 19. exf5 gxf5 20. Kh1 Kh7 21. Rae1 Qd7
22. Nc4 Rg8 23. Qe3 Bf7 24. Qh3 Rg4 25. Nf3 Rbg8 26. Ng5+ Kg6 27. Nxf7 Kxf7 28.
Rf2 Ng6 29. Bd5+ Kg7 30. c3 Re8 31. Rff1 Rxe1 32. Rxe1 Nxf4 33. Qf3 Ne5 34. Nxe5
dxe5 35. Rxe5 Qd8 36. Rxf5 Qg5 37. Rxg5+ Rxg5 38. Qxf4 Rxd5 39. Qc7+ Kf8 40.
Qc8+ Kf7 41. Qc7+ Ke6 42. d4 cxd4 43. cxd4 Rxd4 44. Qb6+ Rd6 45. Qxa5 Rd1+ 46.
Kg2 Rd2+ 47. Kf3 Rxb2 48. Qb6+ Kd5 49. Qb5+ Kd4 50. Qb6+ Kc4 51. Qe6+ Kc3 52.
Ke3 Kc2 53. Qc4+ Kb1 54. Kd3 Rxh2 55. Qxb4+ Rb2 56. Qxb2+ Kxb2 57. a4 h5 58. a5
h4 59. Ke3 h3 60. Kf2 Kc3 61. a6 Kd4 62. a7 Ke4 63. Kg3 Ke5 64. a8=Q Kf6 65.
Kxh3 Kg5 66. Qf3 Kg6 67. Kg3 Kh6 68. Qg4 Kh7 69. Kf4 Kh6 70. Kf5 Kh7 71. Kf6 Kh8
72. Qg7# 1-0

[Event "Titled Tue 3rd Jan Late"]
[Site "chess.com INT"]
[Date "2025.06.03"]
[Round "7"]
[White "Minko, Dmitry"]
[Black "Povshednyi, Ivan"]
[Result "1-0"]
[WhiteTitle "FM"]
[BlackTitle "FM"]
[WhiteElo "2247"]
[BlackElo "2320"]
[WhiteFideId "24188468"]
[BlackFideId "14190907"]
[EventDate "2025.06.03"]

1. e4 c5 2. Nf3 d6 3. d4 cxd4 4. Nxd4 Nf6 5. Nc3 a6 6. f3 e5 7. Nb3 Be6 8. Be3
Be7 9. Qd2 O-O 10. O-O-O a5 11. Bb5 Na6 12. Kb1 Nc7 13. Be2 a4 14. Nc1 a3 15. b3
d5 16. exd5 Ncxd5 17. Nxd5 Nxd5 18. Nd3 Qc7 19. c4 Nxe3 20. Qxe3 Bf6 21. Nf2 e4
22. Nxe4 Bf5 23. Bd3 Bxe4 24. Qxe4 g6 25. Rhe1 Rfd8 26. c5 Qxc5 27. Bc4 Qc7 28.
Rc1 Kg7 29. f4 Rd2 30. Re2 Rb2+ 31. Rxb2 axb2 32. Rd1 Rd8 33. Rxd8 Qxd8 34. Qd3
Qe7 35. Qe2 Qd6 36. g3 Qd4 37. Qe1 Qc5 38. a4 Qa3 39. Kc2 Qa1 40. Qb1 b6 41. h3
h5 42. g4 hxg4 43. hxg4 Bd4 44. Bd5 Qa3 45. Qd1 Qc5+ 46. Bc4 Bf6 47. g5 Bd4 48.
Qe2 Qd6 49. Qd2 Qc5 50. Qe2 Qb4 51. Qd3 Bc3 52. Qd7 Qf8 53. Qd1 Bb4 54. Kxb2 Bd6
55. Qd5 Bxf4 56. Qd4+ Kg8 57. Qxf4 Qe7 58. Qf6 Qe8 59. Qxg6+ Kf8 60. Qh6+ Ke7
61. Qxb6 Qh8+ 62. Ka3 Qf6 63. Qxf6+ Kd7 64. Qxf7+ Kd6 65. Qd5+ Kc7 66. g6 Kb6
67. g7 Kc7 68. g8=Q Kb6 69. Qge6+ Ka7 70. Qdd7+ Kb8 71. Qee8# 1-0

[Event "Titled Tue 3rd Jan Late"]
[Site "chess.com INT"]
[Date "2025.06.03"]
[Round "7"]
[White "Hamedi Nia, Vesal"]
[Black "Albores, Pablo"]
[Result "1/2-1/2"]
[WhiteTitle "WIM"]
[BlackTitle "CM"]
[WhiteElo "2010"]
[BlackElo "2220"]
[WhiteFideId "12542253"]
[BlackFideId "105546"]
[EventDate "2025.06.03"]

1. d4 g6 2. e4 d6 3. Nf3 Nf6 4. Bd3 Bg7 5. h3 O-O 6. c3 e5 7. dxe5 dxe5 8. O-O
Nbd7 9. Be3 Qe7 10. Nbd2 Nc5 11. Bc2 Rd8 12. Qe2 Nh5 13. Rfd1 Ne6 14. Nf1 Nef4
15. Rxd8+ Qxd8 16. Qb5 c6 17. Qc5 Qc7 18. Rd1 Be6 19. Bb3 Bxb3 20. axb3 Rd8 21.
Rxd8+ Qxd8 22. Ng3 Nxg3 23. fxg3 Ne6 24. Qxa7 Qd1+ 25. Kh2 Qxb3 26. Qb8+ Nf8 27.
Nxe5 Qe6 28. Nf3 Qxe4 29. Bd4 b5 30. Bc5 h6 31. Qd8 Qd5 32. Qe7 Qe6 33. Qd8 Qd5
34. Qe7 Ne6 35. Qe8+ Kh7 36. Be7 Qf5 37. Bd6 h5 38. Qd7 Nf8 39. Qxf5 gxf5 40.
Ng5+ Kg6 41. Nf3 Ne6 42. Nh4+ Kg5 43. Nf3+ Kf6 44. h4 Kg6 45. Kg1 Bf6 46. Kf1
Kg7 47. Kf2 Bd8 48. Ke2 Bb6 49. Be5+ f6 50. Bd6 Kf7 51. Nd2 Ke8 52. Bb8 Kd7 53.
Nf3 c5 54. Bf4 Nxf4+ 55. gxf4 Ke6 56. g3 Kd5 57. Nd2 c4 58. Kf3 Bc5 59. Nf1 b4
60. Ne3+ Bxe3 61. Kxe3 b3 62. Kf3 Kc5 63. Ke3 Kd5 64. Kf3 Kc5 65. Kf2 Kd5 66.
Ke3 Kc5 67. Kf3 Kd5 68. Ke3 Kc5 69. Kf3 Kd5 70. Ke3 1/2-1/2

[Event "Titled Tue 3rd Jan Late"]
[Site "chess.com INT"]
[Date "2025.06.03"]
[Round "7"]
[White "Alizadeh, Mohammad Mahdi"]
[Black "Schuster, Karsten"]
[Result "1-0"]
[WhiteTitle "CM"]
[BlackTitle "FM"]
[WhiteElo "2015"]
[BlackElo "2266"]
[WhiteFideId "22598820"]
[BlackFideId "4611071"]
[EventDate "2025.06.03"]

1. Nf3 d5 2. g3 Nf6 3. Bg2 c5 4. d4 cxd4 5. O-O Nc6 6. Nxd4 Qb6 7. Nb3 Bg4 8.
Be3 Qc7 9. Re1 e6 10. N1d2 Be7 11. c4 Rd8 12. cxd5 Nxd5 13. Bc5 O-O 14. Bxe7
Qxe7 15. Qc2 Rc8 16. Qc5 Rfd8 17. Qxe7 Ncxe7 18. Rac1 Rxc1 19. Nxc1 Rc8 20. Be4
b6 21. Bb1 Bh5 22. a3 Bg6 23. e4 Nf6 24. f3 Nd7 25. Nd3 e5 26. Kf2 f6 27. Rc1
Rxc1 28. Nxc1 Bf7 29. Ke3 Nc6 30. Ne2 Nc5 31. b4 Ne6 32. Nb3 Kf8 33. Bc2 Ke7 34.
f4 Kd6 35. f5 Nc7 36. Nc3 a5 37. bxa5 Nxa5 38. Nxa5 bxa5 39. g4 Kc5 40. Kd3 Nb5
41. Nxb5 Kxb5 42. Kc3 Kc5 43. Bd3 h6 44. h4 Ba2 45. Bc2 Bf7 46. Bd3 h5 47. g5
fxg5 48. hxg5 h4 49. Bf1 Bh5 50. f6 gxf6 51. gxf6 Bg6 52. Bh3 Kd6 53. Kd3 Bf7
54. Ke3 Be6 55. Bxe6 Kxe6 56. Kf3 Kxf6 57. Kg4 Ke6 58. Kxh4 Kd6 59. Kg5 Kc5 60.
Kf5 Kd4 61. a4 Kc4 62. Kxe5 Kb4 63. Kd5 Kxa4 64. e5 Kb3 65. e6 a4 66. e7 a3 67.
e8=Q a2 68. Qh8 Kc2 69. Qa1 1-0

[Event "Titled Tue 3rd Jan Late"]
[Site "chess.com INT"]
[Date "2025.06.03"]
[Round "7"]
[White "Adewumi, Tanitoluwa"]
[Black "Belov, Alexei"]
[Result "1-0"]
[WhiteTitle "FM"]
[BlackTitle "IM"]
[WhiteElo "2376"]
[BlackElo "2421"]
[WhiteFideId "30966396"]
[BlackFideId "4128206"]
[EventDate "2025.06.03"]

1. Nf3 d5 2. c4 e6 3. g3 Nf6 4. Bg2 Be7 5. O-O O-O 6. d4 dxc4 7. Nc3 Nc6 8. Bg5
a6 9. Bxf6 Bxf6 10. e3 e5 11. d5 Nb4 12. Nd2 b5 13. a3 Nd3 14. b3 Bb7 15. bxc4
bxc4 16. Nxc4 e4 17. Nxe4 Bxa1 18. Qxd3 Bf6 19. Nc5 Rb8 20. e4 Be7 21. Nxb7 Rxb7
22. e5 Rb5 23. a4 Rc5 24. Rd1 Qd7 25. Qb3 Qg4 26. Ne3 Qh5 27. d6 cxd6 28. exd6
Bf6 29. h4 Rd8 30. d7 Rc3 31. Qd5 g6 32. Qxh5 gxh5 33. Nd5 Rc6 34. Ne7+ Bxe7 35.
Bxc6 Bc5 36. Re1 Kg7 37. Re5 Bb6 38. Rxh5 f6 39. Rd5 Rb8 40. Kg2 Bd8 41. f4 Rb6
42. Rc5 Kf7 43. Rc2 Ke7 44. h5 Kd6 45. Bf3 Kxd7 46. h6 f5 47. Rd2+ Ke7 48. Rd5
Rxh6 49. Rxf5 Re6 50. Rh5 h6 51. Bg4 Rd6 52. Re5+ Kf7 53. Bh5+ Kf6 54. Kf3 Bb6
55. Kg4 Bf2 56. Rf5+ Ke6 57. Re5+ Kf6 58. Re2 Bd4 59. Be8 Bc5 60. Re5 Bd4 61.
Rf5+ Ke6 62. Bf7+ Ke7 63. Bc4 Rc6 64. Bd5 Rg6+ 65. Kf3 Rf6 66. Rh5 Kd7 67. Ke4
Kd6 68. Kxd4 1-0

[Event "Titled Tue 3rd Jan Late"]
[Site "chess.com INT"]
[Date "2025.06.03"]
[Round "7"]
[White "Holinka, Henning"]
[Black "Harish, Neeraj"]
[Result "1-0"]
[WhiteTitle "FM"]
[BlackTitle "CM"]
[WhiteElo "2303"]
[BlackElo "2192"]
[WhiteFideId "12967084"]
[BlackFideId "30958130"]
[EventDate "2025.06.03"]

1. Nf3 d5 2. c4 e6 3. g3 Nf6 4. Bg2 c6 5. O-O Nbd7 6. b3 Bd6 7. d4 O-O 8. Nbd2
b6 9. Bb2 Bb7 10. Ne5 Rc8 11. Qc2 Qe7 12. e4 dxe4 13. Nxe4 Nxe4 14. Bxe4 Nf6 15.
Bg2 c5 16. Rad1 cxd4 17. Bxd4 Bxg2 18. Kxg2 Bc5 19. Bc3 Rfd8 20. Rxd8+ Rxd8 21.
Rd1 Qb7+ 22. f3 Rxd1 23. Qxd1 Qc7 24. g4 h6 25. h4 Bd6 26. Qd4 Bc5 27. Qd3 Bd6
28. Qe3 Nd7 29. Nd3 Nc5 30. Qd4 f6 31. Nxc5 Bxc5 32. Qe4 Qd6 33. h5 e5 34. Qa8+
Kh7 35. Qd5 Qxd5 36. cxd5 Kg8 37. Kf1 Kf8 38. Ke2 Ke7 39. Kd3 Kd6 40. Ke4 Bf2
41. Bd2 Bh4 42. Bb4+ Kd7 43. Bf8 Bg5 44. Bxg7 Kd6 45. Bf8+ Kd7 46. Bb4 a5 47.
Be1 Kd6 48. Bf2 b5 49. Bb6 a4 50. Ba5 axb3 51. axb3 Kc5 52. Be1 Kd6 53. Bb4+ Kd7
54. Bc5 Kc7 55. Kf5 Kd7 56. Kg6 Kc7 57. Kf7 Kd7 58. b4 Bh4 59. Kg7 Bg5 60. Kg6
Kc7 61. Kf7 Kd7 62. Be7 Bh4 63. Bxf6 Bg3 64. Be7 Bf4 65. Bc5 Bd2 66. Kf6 Bf4 67.
Kf5 Bd2 68. Kxe5 Bg5 69. Kf5 Bd2 70. f4 Bc1 71. g5 hxg5 72. fxg5 Bxg5 73. Kxg5
Ke8 74. h6 Kf7 75. Bd4 Kg8 76. Kg6 Kf8 77. h7 1-0

[Event "Titled Tue 3rd Jan Late"]
[Site "chess.com INT"]
[Date "2025.06.03"]
[Round "7"]
[White "Alazmi, Amani"]
[Black "Kiseleva, Arina"]
[Result "1-0"]
[WhiteTitle "WCM"]
[BlackTitle "WCM"]
[WhiteElo "1725"]
[BlackElo "1994"]
[WhiteFideId "10303553"]
[BlackFideId "4164989"]
[EventDate "2025.06.03"]

1. c4 Nf6 2. Nc3 e5 3. g3 Bb4 4. Qc2 O-O 5. Bg2 c6 6. e3 d5 7. cxd5 cxd5 8. d4
exd4 9. exd4 Re8+ 10. Ne2 Bxc3+ 11. bxc3 Bg4 12. f3 Bh5 13. O-O Bg6 14. Qb2 Bd3
15. Rf2 Ba6 16. Bg5 h6 17. Bxf6 Qxf6 18. Nf4 Qc6 19. Bf1 Bxf1 20. Raxf1 Nd7 21.
Qb3 Nb6 22. Nd3 Re3 23. Nc5 Rae8 24. f4 R8e7 25. a4 h5 26. Rf3 Nc4 27. Rxe3 Nxe3
28. Re1 Qf6 29. Nxb7 h4 30. c4 Nxc4 31. Rxe7 Qxe7 32. Nc5 Qe2 33. Qd3 Qe1+ 34.
Qf1 Qe3+ 35. Qf2 hxg3 36. hxg3 Qc1+ 37. Kg2 Nd2 38. Nd3 Ne4 39. Nxc1 Nxf2 40.
Kxf2 Kf8 41. Nd3 Ke8 42. Kf3 Kd7 43. Ne5+ Ke7 44. g4 Ke6 45. Nd3 Kd6 46. Nc5 Kc6
47. Ke3 Kb6 48. Kd3 Ka5 49. f5 Kb4 50. Kd2 f6 51. Ke3 Kc4 52. Ne6 a5 53. Nxg7
Kb4 54. Ne6 Kxa4 55. g5 Kb4 56. gxf6 a4 57. f7 a3 58. f8=Q+ Kb3 59. Qc5 Kb2 60.
Qb5+ Ka2 61. Qa4 Kb2 62. Nc5 a2 63. Qb3+ Ka1 64. Qd1+ Kb2 65. Nd3+ Ka3 66. Qc1+
Kb3 67. Qb2+ Kc4 68. Qxa2+ Kc3 69. Qb2+ Kc4 70. Qb4# 1-0

[Event "Titled Tue 3rd Jan Late"]
[Site "chess.com INT"]
[Date "2025.06.03"]
[Round "7"]
[White "Atanasov, Anthony"]
[Black "Deac, Bogdan-Daniel"]
[Result "0-1"]
[WhiteTitle "IM"]
[BlackTitle "GM"]
[WhiteElo "2402"]
[BlackElo "2668"]
[WhiteFideId "2623897"]
[BlackFideId "1226380"]
[EventDate "2025.06.03"]

1. d4 d5 2. Bf4 e6 3. e3 Nf6 4. Nf3 c5 5. Be2 Qb6 6. b3 Nc6 7. O-O Nh5 8. Be5
cxd4 9. Bxd4 Nxd4 10. Qxd4 Bc5 11. Qa4+ Bd7 12. Qg4 g6 13. Ne5 Nf6 14. Qf4 Qd8
15. Nxd7 Kxd7 16. c4 Bd6 17. Qd4 Ke7 18. Nc3 Qb6 19. Qxb6 axb6 20. cxd5 Be5 21.
d6+ Kxd6 22. Nb5+ Ke7 23. Rac1 Rxa2 24. Bf3 Rd8 25. Bxb7 Rb2 26. Rc6 Rxb3 27.
Rxb6 Rd2 28. Na7 Rxb6 29. Nc8+ Kf8 30. Nxb6 Rb2 31. Nc4 Bxh2+ 32. Kxh2 Rxb7 33.
Ne5 Rb5 34. Nf3 Ng4+ 35. Kg1 h5 36. g3 Rb2 37. Nd4 Kg7 38. Nf3 Kf6 39. Nh2 Ne5
40. Rd1 Ke7 41. Rd4 Ra2 42. Kg2 Rb2 43. Kg1 Kf8 44. Kf1 Kg7 45. Kg2 Ra2 46. Kf1
Rc2 47. Kg2 Nc4 48. Nf1 e5 49. Rd5 Kf6 50. Rd7 Ke6 51. Ra7 Nd6 52. Ra6 Ke7 53.
Ra7+ Kf8 54. Ra6 Ne4 55. Ra8+ Kg7 56. Kf3 f5 57. Ra7+ Kh6 58. Kg2 Rxf2+ 59. Kg1
Rf3 60. Kg2 Rf2+ 61. Kg1 Rb2 62. Ra5 Ng5 63. Nh2 e4 64. Nf1 Nf3+ 65. Kh1 Rf2 66.
Ra1 Kg5 67. Rb1 Kg4 68. Rd1 Kh3 69. Rb1 g5 70. Ra1 g4 71. Rb1 h4 72. Rc1 hxg3
73. Nxg3 Rh2# 0-1

[Event "Titled Tue 3rd Jan Late"]
[Site "chess.com INT"]
[Date "2025.06.03"]
[Round "7"]
[White "Rajaram, Rohan"]
[Black "Pribelszky, Bence"]
[Result "1/2-1/2"]
[WhiteTitle "CM"]
[BlackTitle "IM"]
[WhiteElo "2164"]
[BlackElo "2400"]
[WhiteFideId "30940729"]
[BlackFideId "769738"]
[EventDate "2025.06.03"]

1. Nf3 f5 2. d4 Nf6 3. c4 e6 4. Nc3 Be7 5. h3 O-O 6. Bf4 d6 7. e3 Qe8 8. Bd3
Nbd7 9. O-O Bd8 10. Bh2 e5 11. Bxf5 exd4 12. exd4 Nb6 13. Re1 Qf7 14. Ng5 Qxc4
15. Ne6 Re8 16. d5 Nbxd5 17. Rc1 Ne7 18. Bd3 Qxe6 19. Rxe6 Bxe6 20. Nb5 Ned5 21.
Bc4 Bf7 22. Bxd6 cxd6 23. Nxd6 Re5 24. Qd4 Rh5 25. Nxf7 Kxf7 26. g4 Bb6 27. Qd2
Re5 28. g5 Bxf2+ 29. Qxf2 Rxg5+ 30. Kh2 Re8 31. Rd1 Kg6 32. Rg1 Re5 33. Rxg5+
Rxg5 34. Qxa7 Nf4 35. Qxb7 Rh5 36. Qf3 Rxh3+ 37. Qxh3 Nxh3 38. Kxh3 Kf5 39. a4
g5 40. a5 g4+ 41. Kg2 Nd7 42. a6 Nb6 43. a7 h5 44. Bd5 Ke5 45. a8=Q Nxa8 46.
Bxa8 Kd4 47. Bc6 Kc4 48. Ba4 Kb4 49. Bc2 h4 50. Bd1 g3 51. Bc2 Kc4 52. Kf3 Kb4
53. Bd1 Kc4 54. Ba4 Kb4 55. Bc2 Kc4 56. Kg2 Kb4 57. Bd1 Kc4 58. b3+ Kc3 59. Bc2
Kb4 60. Kh3 Kc3 61. Kg2 Kb4 62. Be4 Kc3 63. Bd5 Kb4 64. Kh3 Kc3 65. Bc4 Kb4 66.
Bd5 Kc3 67. Kxh4 g2 68. Bxg2 Kxb3 1/2-1/2

[Event "Titled Tue 3rd Jan Late"]
[Site "chess.com INT"]
[Date "2025.06.03"]
[Round "7"]
[White "Zieba, Hubert"]
[Black "Papasimakopoulos, Alexandros"]
[Result "1/2-1/2"]
[WhiteTitle "CM"]
[BlackTitle "IM"]
[WhiteElo "2233"]
[BlackElo "2366"]
[WhiteFideId "21844704"]
[BlackFideId "4244125"]
[EventDate "2025.06.03"]

1. d4 d5 2. c4 e6 3. Nf3 Nf6 4. g3 Be7 5. Bg2 O-O 6. O-O Nbd7 7. Qc2 c6 8. Nbd2
b6 9. e4 Bb7 10. e5 Ne8 11. cxd5 cxd5 12. Re1 a5 13. Nf1 Rc8 14. Qb1 Ba6 15. h4
Qc7 16. Ne3 Nb8 17. Ng5 Bxg5 18. hxg5 Nc6 19. Rd1 Nb4 20. Bd2 Nxa2 21. Qxa2 Qe7
22. Rac1 Nc7 23. Bf1 Bxf1 24. Nxf1 Nb5 25. Be3 Qb4 26. Qb1 a4 27. Rxc8 Rxc8 28.
Rc1 Ra8 29. Qc2 g6 30. Nh2 Nxd4 31. Bxd4 Qxd4 32. Qc3 Qe4 33. Re1 Qf5 34. Qe3 b5
35. g4 Qc2 36. Qc3 Qxc3 37. bxc3 Rc8 38. Rb1 Rc5 39. Nf1 a3 40. Rb3 a2 41. Ra3
Rxc3 42. Rxa2 d4 43. Rb2 Rc5 44. Nd2 Rxe5 45. Nf3 Re4 46. Rxb5 Rf4 47. Kg2 Rxg4+
48. Kh3 Re4 49. Rb7 e5 50. Re7 Kf8 51. Rxe5 Rxe5 52. Nxe5 Ke7 53. Kg3 Ke6 54.
Kf4 f6 55. gxf6 Kxf6 56. Nf3 d3 57. Ke3 Kf5 58. Kxd3 Kf4 59. Ke2 g5 60. Ng1 g4
61. Kf1 h5 62. Ne2+ Kf3 63. Ng1+ Kf4 64. Kg2 h4 65. Ne2+ Ke4 66. Nc3+ Kf4 67.
Nd5+ Ke4 68. Nf6+ Kf5 69. Nh7 Kg6 70. Nf8+ Kf7 71. Nd7 Ke6 72. Nc5+ Kd5 73. Nb3
Ke4 74. Nd2+ Kf4 75. Nf1 Ke4 76. Nh2 Kf4 77. Nf1 Ke4 78. Nd2+ Kf4 79. Nc4 Ke4
80. Ne3 Kf4 81. Nf1 1/2-1/2

[Event "Titled Tue 3rd Jan Late"]
[Site "chess.com INT"]
[Date "2025.06.03"]
[Round "7"]
[White "Gharibyan, Mamikon"]
[Black "George, Kevin"]
[Result "1/2-1/2"]
[WhiteTitle "GM"]
[BlackTitle "IM"]
[WhiteElo "2472"]
[BlackElo "2301"]
[WhiteFideId "13308300"]
[BlackFideId "10669515"]
[EventDate "2025.06.03"]

1. e4 e5 2. Nf3 Nf6 3. Nxe5 d6 4. Nd3 Nxe4 5. Nf4 d5 6. d3 Nf6 7. d4 Bd6 8. Bd3
Qe7+ 9. Qe2 Qxe2+ 10. Nxe2 O-O 11. Nbc3 Re8 12. Nb5 Bb4+ 13. Bd2 Bxd2+ 14. Kxd2
Re7 15. f3 a6 16. Nbc3 Be6 17. g4 Nc6 18. a3 Rae8 19. h4 Nd7 20. g5 f6 21. Rag1
Kh8 22. Rg2 Bf7 23. Rh3 Nb6 24. b3 Be6 25. Rhh2 f5 26. Nd1 Bc8 27. c3 a5 28. a4
Nd8 29. Nf4 Ne6 30. Nxe6 Bxe6 31. Nf2 Bd7 32. Nh3 Re3 33. Rf2 R3e7 34. Nf4 c6
35. h5 Nc8 36. Rh1 Nd6 37. Ng6+ hxg6 38. hxg6+ Kg8 39. Rfh2 Nf7 40. f4 Re3 41.
gxf7+ Kxf7 42. Be2 Rg3 43. Bh5+ g6 44. Be2 Ke6 45. Rh6 Rg8 46. R1h3 Rxh3 47.
Rxh3 Kf7 48. c4 Be6 49. c5 Kg7 50. Kc3 Re8 51. Re3 Bd7 52. Rxe8 Bxe8 53. b4 Kf7
54. bxa5 Ke6 55. Kb4 Kd7 56. a6 bxa6 57. Ka5 Kc7 58. Kxa6 Bd7 59. Ka7 Be6 60.
Bd3 Bc8 61. Ba6 Be6 62. Bb7 Bd7 63. Ka6 Be6 64. Ka7 Bd7 65. Ba6 Be6 66. Bf1 Bc8
67. a5 Be6 68. Ka6 Bc8+ 69. Ka7 Be6 70. Be2 Bc8 71. Bd3 Be6 72. Ba6 Bd7 73. Bb7
Be6 74. a6 Bd7 75. Ba8 Bc8 76. Bb7 Bd7 77. Ka8 Be8 78. Ka7 Bd7 1/2-1/2